[Event "Oberliga Ost-B 1920"]
[Site "Germany"]
[Date "2019.09.29"]
[Round "1.7"]
[White "Schaefer, Michael"]
[Black "Will, Jens Robert"]
[Result "1/2-1/2"]
[WhiteElo "2158"]
[BlackElo "2072"]
[PlyCount "37"]
[EventDate "2019.09.29"]
[EventType "team-tourn"]
[EventRounds "11"]
[EventCountry "GER"]
[SourceTitle "EXT 2021"]
[Source "ChessBase"]
[SourceDate "2020.10.23"]
[SourceVersion "1"]
[SourceVersionDate "2020.10.23"]
[SourceQuality "1"]
[WhiteTeam "Moerlenbach Birkenau"]
[BlackTeam "Gernsheim"]
[WhiteTeamCountry "GER"]
[BlackTeamCountry "GER"]

1. c4 c5 2. Nf3 g6 3. Nc3 Bg7 4. g3 Nc6 5. Bg2 e6 6. 0-0 Nge7 7. a3 0-0 8. Rb1 d5 9. d3 a5 10. Bd2 b6 11. Na4 Ba6 12. b4 axb4 13. axb4 cxb4 14. Bxb4 Nxb4 15. Rxb4 b5 16. cxb5 Qa5 17. Qb3 Bxb5 18. Rxb5 Qxa4 19. e3 1/2-1/2

[Event "Heusenstamm Sparkassen op-A 3rd"]
[Site "Heusenstamm"]
[Date "2016.11.27"]
[Round "3"]
[White "Karthik, Thrish"]
[Black "Will, Jens Robert"]
[Result "0-1"]
[WhiteElo "1689"]
[BlackElo "2011"]
[PlyCount "86"]
[EventDate "2016.11.24"]
[EventType "swiss"]
[EventRounds "7"]
[EventCountry "GER"]
[SourceTitle "EXT 2018"]
[Source "ChessBase"]
[SourceDate "2017.10.13"]
[SourceVersion "1"]
[SourceVersionDate "2017.10.13"]
[SourceQuality "1"]

1. e4 e5 2. Nf3 Nc6 3. Bb5 g6 4. 0-0 Bg7 5. c3 d6 6. d4 Bd7 7. Re1 Nge7 8. d5 Nb8 9. Bxd7+ Nxd7 10. c4 0-0 11. Nc3 h6 12. b4 f5 13. Nd2 Rf7 14. Ba3 Bf8 15. Rc1 f4 16. f3 g5 17. c5 Nc8 18. cxd6 Bxd6 19. Nc4 Nf6 20. Nb5 Ne8 21. Na5 Rb8 22. Kh1 Qd7 23. Nxd6 cxd6 24. Bb2 Nb6 25. Qb3 Kf8 26. Nc4 Nxc4 27. Rxc4 Rc8 28. Rec1 Rxc4 29. Rxc4 Qb5 30. a4 Qb6 31. Rc2 Rc7 32. Rxc7 Qxc7 33. h3 Ke7 34. Bc3 h5 35. b5 Qc5 36. Qb4 b6 37. Qxc5 bxc5 38. a5 Kd7 39. Kg1 Kc7 40. Kf1 Kb7 41. Ke2 Nc7 42. b6 axb6 43. Kd3 b5 0-1

[Event "Heusenstamm Sparkassen op-A 3rd"]
[Site "Heusenstamm"]
[Date "2016.11.25"]
[Round "2"]
[White "Will, Jens Robert"]
[Black "Lukas, Hubertus"]
[Result "1-0"]
[WhiteElo "2011"]
[BlackElo "1816"]
[PlyCount "97"]
[EventDate "2016.11.24"]
[EventType "swiss"]
[EventRounds "7"]
[EventCountry "GER"]
[SourceTitle "EXT 2018"]
[Source "ChessBase"]
[SourceDate "2017.10.13"]
[SourceVersion "1"]
[SourceVersionDate "2017.10.13"]
[SourceQuality "1"]

1. c4 f5 2. d4 Nf6 3. Nc3 e6 4. d5 e5 5. Qc2 e4 6. f3 Bc5 7. Bg5 0-0 8. 0-0-0 h6 9. Bxf6 Qxf6 10. fxe4 Na6 11. Nf3 d6 12. Qd2 f4 13. Nd4 Bd7 14. g3 fxg3 15. hxg3 Rae8 16. Bg2 Bxd4 17. Qxd4 Qg5+ 18. Kb1 Qxg3 19. Bf3 Qe5 20. Qd2 Rf4 21. Rdg1 Qf6 22. Bh5 Re5 23. Bg6 Rg5 24. Bf5 Rfxf5 25. exf5 Bxf5+ 26. e4 Bg6 27. Rxg5 hxg5 28. Rg1 Nc5 29. Qxg5 Qxg5 30. Rxg5 Kf7 31. Rg4 Kf6 32. Kc2 Nd7 33. b3 Bh5 34. Rg3 a6 35. Kd3 g5 36. b4 g4 37. Ke3 Kg5 38. Ne2 Ne5 39. c5 Be8 40. Rg1 Nc4+ 41. Kd4 Ne5 42. Rh1 Bb5 43. Ng1 Kf4 44. Rh7 Bd3 45. Rxc7 Bxe4 46. cxd6 Bf5 47. Ne2+ Kf3 48. Kxe5 Bg6 49. Nf4 1-0

[Event "Rheinland Pfalz op 7th"]
[Site "Frankenthal"]
[Date "2015.06.04"]
[Round "1"]
[White "Will, Jens Robert"]
[Black "Wladimir, Markus"]
[Result "1/2-1/2"]
[WhiteElo "2070"]
[BlackElo "1643"]
[PlyCount "86"]
[EventDate "2015.06.04"]
[EventType "swiss"]
[EventRounds "7"]
[EventCountry "GER"]
[SourceTitle "EXT 2017"]
[Source "ChessBase"]
[SourceDate "2016.10.25"]
[SourceVersion "1"]
[SourceVersionDate "2016.10.25"]
[SourceQuality "1"]

1. e4 g6 2. d4 Bg7 3. Bc4 e6 4. Bb3 d6 5. Nf3 Ne7 6. Nc3 a6 7. Bg5 Nd7 8. Qd2 h6 9. Be3 b5 10. a3 Nb6 11. 0-0 Bb7 12. Rab1 d5 13. e5 Nf5 14. Rfd1 Qe7 15. h3 g5 16. Ne1 Nc4 17. Qe2 h5 18. g4 Ncxe3 19. fxe3 hxg4 20. hxg4 Nh4 21. Nd3 Ng6 22. Rf1 0-0-0 23. Qf3 Rdf8 24. Ne2 f5 25. exf6 Rxf6 26. Qg2 Nh4 27. Qg3 Rhf8 28. Ne5 Rxf1+ 29. Rxf1 Bxe5 30. dxe5 Rxf1+ 31. Kxf1 Qf8+ 32. Ke1 Qf3 33. Qxf3 Nxf3+ 34. Kf2 Nxe5 35. Nd4 Kd7 36. Nf3 Nxg4+ 37. Ke2 c5 38. c3 Kd6 39. Nxg5 Ne5 40. Nh3 a5 41. Nf4 Nc4 42. Bxc4 dxc4 43. Kd2 Be4 1/2-1/2

[Event "Hessen-ch Gr-C 62nd"]
[Site "Hanau"]
[Date "2008.03.20"]
[Round "2"]
[White "Schoesser, Manfred"]
[Black "Will, Jens Robert"]
[Result "1/2-1/2"]
[WhiteElo "1772"]
[BlackElo "1964"]
[PlyCount "82"]
[EventDate "2008.03.19"]
[EventType "swiss"]
[EventRounds "7"]
[EventCountry "GER"]
[SourceTitle "CBM 123 Extra"]
[Source "ChessBase"]
[SourceDate "2008.05.06"]
[SourceVersion "1"]
[SourceVersionDate "2008.05.06"]
[SourceQuality "1"]

1. e4 e5 2. Nf3 Nc6 3. Bb5 a6 4. Ba4 Nf6 5. 0-0 Nxe4 6. d4 b5 7. Bb3 d5 8. dxe5 Be6 9. c3 Be7 10. Bf4 0-0 11. Nbd2 Na5 12. Bc2 Nxd2 13. Qxd2 f5 14. Nd4 Qd7 15. b3 c5 16. Nxe6 Qxe6 17. c4 Nxc4 18. bxc4 bxc4 19. Rfe1 d4 20. Rac1 Rac8 21. Bd1 c3 22. Qd3 g5 23. Qg3 Qg6 24. Qd3 gxf4 25. Bb3+ Kh8 26. Bc4 a5 27. a4 Bg5 28. Rc2 f3 29. Qxf3 Bd2 30. Re2 f4 31. Bd3 Qc6 32. Qh5 Rc7 33. e6 Re7 34. Qe5+ Kg8 35. Bb5 Qb7 36. Qxc5 d3 37. Rexd2 cxd2 38. Rxd2 Rxe6 39. h3 Rc8 40. Qd4 Re1+ 41. Kh2 Qe4 1/2-1/2

[Event "Hessen-ch Gr-C 62nd"]
[Site "Hanau"]
[Date "2008.03.20"]
[Round "3"]
[White "Will, Jens Robert"]
[Black "Neumann, Uwe"]
[Result "1-0"]
[WhiteElo "1964"]
[BlackElo "1716"]
[PlyCount "91"]
[EventDate "2008.03.19"]
[EventType "swiss"]
[EventRounds "7"]
[EventCountry "GER"]
[SourceTitle "CBM 123 Extra"]
[Source "ChessBase"]
[SourceDate "2008.05.06"]
[SourceVersion "1"]
[SourceVersionDate "2008.05.06"]
[SourceQuality "1"]

1. Nf3 d5 2. g3 Nf6 3. Bg2 Bf5 4. d3 e6 5. Nh4 Nbd7 6. Nxf5 exf5 7. 0-0 c6 8. c4 dxc4 9. dxc4 Bc5 10. Qc2 g6 11. a3 0-0 12. b4 Bd4 13. Nc3 Ne8 14. Bh6 Bg7 15. Bxg7 Nxg7 16. Rfd1 Qc7 17. e3 Rac8 18. Rd2 Ne5 19. c5 Rfd8 20. Ne2 Rxd2 21. Qxd2 Rd8 22. Qc3 Rd3 23. Qc2 Rd7 24. Rd1 Ne6 25. Nd4 Qd8 26. Qc3 Ng5 27. f4 Nef3+ 28. Bxf3 Nxf3+ 29. Kg2 Nxd4 30. Rxd4 Rxd4 31. Qxd4 Qxd4 32. exd4 Kf8 33. d5 cxd5 34. Kf3 Ke7 35. Ke3 Kd7 36. b5 a6 37. a4 a5 38. Kd4 Ke6 39. b6 Kd7 40. Kxd5 f6 41. h3 g5 42. h4 h6 43. h5 g4 44. Kc4 Kc6 45. Kd4 Kd7 46. Kd5 1-0

[Event "Hessen-ch qual-C"]
[Site "Erlensee"]
[Date "2007.04.06"]
[Round "6"]
[White "Gauf, Wolfgang"]
[Black "Will, Jens Robert"]
[Result "0-1"]
[WhiteElo "1814"]
[BlackElo "1970"]
[PlyCount "74"]
[EventDate "2007.04.04"]
[EventType "swiss"]
[EventRounds "7"]
[EventCountry "GER"]
[SourceTitle "CBM 117 Extra"]
[Source "ChessBase"]
[SourceDate "2007.05.09"]
[SourceVersion "1"]
[SourceVersionDate "2007.05.09"]
[SourceQuality "1"]

1. e4 e5 2. Nf3 Nc6 3. d4 exd4 4. Nxd4 d6 5. Nc3 g6 6. Be3 Bg7 7. Qd2 Nge7 8. 0-0-0 0-0 9. h4 h5 10. f3 f5 11. Bc4+ Kh7 12. Ne6 Bxe6 13. Bxe6 Ne5 14. Kb1 b5 15. Bg5 Qe8 16. Qe2 a6 17. Rhe1 f4 18. Qd2 Bh6 19. Ne2 Bxg5 20. hxg5 Nf7 21. Bxf7 Qxf7 22. Rh1 Nc6 23. Rh4 Ne5 24. Rxf4 Qe7 25. Rxf8 Rxf8 26. Ng1 Nc4 27. Qc1 b4 28. c3 Rb8 29. cxb4 Rxb4 30. b3 c5 31. Rd5 a5 32. Qf4 a4 33. Kc2 axb3+ 34. axb3 Qa7 35. Kd1 Rxb3 36. Ne2 Ne3+ 37. Ke1 Nxg2+ 0-1

[Event "Hessen-ch qual-C"]
[Site "Erlensee"]
[Date "2007.04.05"]
[Round "2"]
[White "Eg, Karlheinz"]
[Black "Will, Jens Robert"]
[Result "1-0"]
[WhiteElo "2065"]
[BlackElo "1970"]
[PlyCount "133"]
[EventDate "2007.04.04"]
[EventType "swiss"]
[EventRounds "7"]
[EventCountry "GER"]
[SourceTitle "CBM 117 Extra"]
[Source "ChessBase"]
[SourceDate "2007.05.09"]
[SourceVersion "1"]
[SourceVersionDate "2007.05.09"]
[SourceQuality "1"]

1. e4 e5 2. Nf3 Nc6 3. Bb5 a6 4. Ba4 Nf6 5. 0-0 Nxe4 6. d4 b5 7. Bb3 d5 8. Re1 Be6 9. Nbd2 Nxd2 10. Bxd2 e4 11. Ng5 Nxd4 12. Nxe6 Nxe6 13. Be3 c6 14. f3 exf3 15. Qxf3 Bd6 16. c3 0-0 17. Bc2 g6 18. Bh6 Ng7 19. Rf1 f5 20. Qh3 Qd7 21. Rf3 Rae8 22. Bd3 c5 23. Rd1 Be5 24. Bc2 d4 25. b4 Qc6 26. bxc5 dxc3 27. Bb3+ Kh8 28. Rxc3 Rd8 29. Rcd3 Qxc5+ 30. Kh1 Bf6 31. Be3 Qe7 32. Bb6 Rxd3 33. Qxd3 Re8 34. Qd5 Nh5 35. Bc5 Qe4 36. Qf7 Bg7 37. Bd5 Qe2 38. Bf3 Qe6 39. Qxe6 Rxe6 40. Rd8+ Bf8 41. Rxf8+ Kg7 42. Kg1 Nf6 43. Ra8 g5 44. Ra7+ Kg6 45. Re7 Rxe7 46. Bxe7 Kf7 47. Bb4 Ke6 48. Bb7 Nd5 49. Ba5 Kd6 50. Bxa6 Kc5 51. Bc8 f4 52. Be6 Nf6 53. Bd8 Ne4 54. Bf5 Nc3 55. Be6 g4 56. Be7+ Kd4 57. Bf6+ Kd3 58. Bxc3 Kxc3 59. Bxg4 b4 60. Be6 Kd3 61. Kf2 Ke4 62. Bg4 h6 63. Bh5 Kf5 64. Kf3 Kg5 65. Be8 Kf5 66. Bd7+ Kg5 67. h3 1-0

[Event "Karl Mala Memorial op 10th"]
[Site "Griesheim"]
[Date "2006.07.22"]
[Round "5"]
[White "Will, Jens Robert"]
[Black "Lahr, Markus"]
[Result "0-1"]
[WhiteElo "1867"]
[BlackElo "2065"]
[PlyCount "120"]
[EventDate "2006.07.20"]
[EventType "swiss"]
[EventRounds "7"]
[EventCountry "GER"]
[SourceTitle "CBM 113 Extra"]
[Source "ChessBase"]
[SourceDate "2006.09.14"]
[SourceVersion "1"]
[SourceVersionDate "2006.09.14"]
[SourceQuality "1"]

1. e4 Nf6 2. Nc3 d5 3. e5 Nfd7 4. d4 e6 5. f4 c5 6. Nf3 Nc6 7. Be3 a6 8. Be2 Qb6 9. Qd2 c4 10. Na4 Qa7 11. 0-0 Be7 12. b3 b5 13. Nb2 0-0 14. c3 f6 15. Kh1 Qc7 16. b4 Bb7 17. Rae1 a5 18. a3 axb4 19. axb4 Ra2 20. Ra1 Rfa8 21. Rxa2 Rxa2 22. Rb1 Qb6 23. Bf1 Qa7 24. Qc1 Bd8 25. Nd1 Qa4 26. Nb2 Qa7 27. Nd1 Bb6 28. h3 Ne7 29. Rb2 Nf5 30. Bf2 Bc6 31. Rxa2 Qxa2 32. Qb2 Qa4 33. Qd2 Qa1 34. Kh2 Nf8 35. g4 Ne7 36. Bg2 Be8 37. Bh4 Neg6 38. exf6 Nxh4 39. Nxh4 gxf6 40. Ne3 Bc7 41. Kg3 Qa8 42. Nf1 Qb8 43. Kf3 Ng6 44. Nxg6 Bxg6 45. Ng3 Bd3 46. Qe3 e5 47. fxe5 fxe5 48. Nf5 e4+ 49. Kf2 Bf4 50. Qe1 Qa7 51. Ne3 Qa2+ 52. Kg1 Qb1 53. Nd1 Qc1 54. Bf3 Bc2 55. Qh4 Bg5 56. Qh5 exf3 57. Qe8+ Kg7 58. Qd7+ Kf8 59. Qd6+ Be7 60. Qh6+ Qxh6 0-1

[Event "Karl Mala Memorial op 10th"]
[Site "Griesheim"]
[Date "2006.07.21"]
[Round "3"]
[White "Mayer, Frank1111"]
[Black "Will, Jens Robert"]
[Result "1/2-1/2"]
[WhiteElo "2078"]
[BlackElo "1867"]
[PlyCount "59"]
[EventDate "2006.07.20"]
[EventType "swiss"]
[EventRounds "7"]
[EventCountry "GER"]
[SourceTitle "CBM 113 Extra"]
[Source "ChessBase"]
[SourceDate "2006.09.14"]
[SourceVersion "1"]
[SourceVersionDate "2006.09.14"]
[SourceQuality "1"]

1. e4 e5 2. Nf3 Nc6 3. Bc4 Nf6 4. Ng5 d5 5. exd5 b5 6. Bf1 Nxd5 7. Bxb5 Bb7 8. d3 Bc5 9. Ne4 Bb6 10. Qg4 g6 11. Bg5 f5 12. Bxd8 fxg4 13. Bg5 0-0 14. Bxc6 Bxc6 15. 0-0 Rf5 16. Na3 Raf8 17. Nc4 Nb4 18. Nxb6 cxb6 19. Be7 Nxc2 20. Rac1 Nd4 21. Bxf8 Ne2+ 22. Kh1 Nxc1 23. Rxc1 Bxe4 24. dxe4 Rxf8 25. Rc2 Rd8 26. g3 Rd4 27. Rc8+ Kf7 28. Rc7+ Ke6 29. Rxa7 Rxe4 30. Rb7 1/2-1/2

[Event "Hessen-ch U18"]
[Site "Bad Homburg"]
[Date "2005.??.??"]
[Round "4"]
[White "Will, Jens Robert"]
[Black "Blaschke, Tobias"]
[Result "1/2-1/2"]
[WhiteElo "1787"]
[BlackElo "2000"]
[PlyCount "49"]
[EventDate "2005.04.??"]
[EventType "swiss"]
[EventRounds "8"]
[EventCountry "GER"]
[SourceTitle "EXT 2007"]
[Source "ChessBase"]
[SourceDate "2006.11.23"]
[SourceVersion "1"]
[SourceVersionDate "2006.11.23"]
[SourceQuality "1"]

1. Nf3 Nc6 2. g3 e5 3. d3 Bc5 4. c4 Nge7 5. Nc3 d6 6. Bg2 h6 7. 0-0 Bg4 8. a3 a5 9. Bd2 0-0 10. Na4 Bd4 11. Nxd4 Nxd4 12. f3 Bd7 13. Nc3 a4 14. Be3 Nef5 15. Bf2 Nb3 16. Rb1 Nfd4 17. e3 Ne6 18. d4 f5 19. dxe5 dxe5 20. Qc2 Nec5 21. Rbd1 c6 22. e4 g6 23. exf5 gxf5 24. Rd6 Rf6 25. Rfd1 1/2-1/2

[Event "Karl Mala Memorial op 08th"]
[Site "Frankfurt"]
[Date "2004.07.23"]
[Round "2"]
[White "Froehlich, Andreas"]
[Black "Will, Jens Robert"]
[Result "1-0"]
[WhiteElo "1940"]
[BlackElo "1805"]
[PlyCount "115"]
[EventDate "2004.07.22"]
[EventType "swiss"]
[EventRounds "7"]
[EventCountry "GER"]
[SourceTitle "EXT 2005"]
[Source "ChessBase"]
[SourceDate "2004.11.15"]
[SourceVersion "1"]
[SourceVersionDate "2004.11.15"]
[SourceQuality "1"]

1. e4 e5 2. Nf3 Nc6 3. Bb5 a6 4. Ba4 Nf6 5. 0-0 Nxe4 6. d4 b5 7. Bb3 d5 8. dxe5 Be6 9. c3 Be7 10. Re1 0-0 11. Nbd2 Nxd2 12. Qxd2 Qd7 13. Qe2 Rad8 14. Bf4 Na5 15. Bc2 Nc4 16. Bd3 Bf5 17. Bxf5 Qxf5 18. Bg3 h6 19. Nd4 Qe4 20. Qxe4 dxe4 21. b3 Na5 22. Rxe4 Ba3 23. e6 Rc8 24. Rb1 f5 25. Re2 Be7 26. Be5 c5 27. Nf3 Nc6 28. Rd1 Rfd8 29. Red2 Rxd2 30. Rxd2 g5 31. Bd6 Rd8 32. Bxe7 Rxd2 33. Nxd2 Nxe7 34. g4 fxg4 35. c4 bxc4 36. bxc4 Nc6 37. Ne4 Kf8 38. Nxc5 a5 39. Kg2 Ke7 40. Kg3 h5 41. Ne4 Kxe6 42. Nxg5+ Kf5 43. Kh4 Kg6 44. Ne6 Nb4 45. c5 Kf6 46. Nd4 Ke5 47. c6 Kd6 48. a4 Nd3 49. Kxh5 Nxf2 50. Kh4 Kc7 51. Kg3 Ne4+ 52. Kxg4 Nc3 53. h4 Nxa4 54. h5 Nb6 55. h6 Nd5 56. Kg5 Nc3 57. h7 Ne4+ 58. Kg6 1-0

[Event "Karl Mala Memorial op 08th"]
[Site "Frankfurt"]
[Date "2004.07.23"]
[Round "3"]
[White "Will, Jens Robert"]
[Black "Gronau, Holger"]
[Result "1/2-1/2"]
[WhiteElo "1805"]
[BlackElo "1563"]
[PlyCount "85"]
[EventDate "2004.07.22"]
[EventType "swiss"]
[EventRounds "7"]
[EventCountry "GER"]
[SourceTitle "EXT 2005"]
[Source "ChessBase"]
[SourceDate "2004.11.15"]
[SourceVersion "1"]
[SourceVersionDate "2004.11.15"]
[SourceQuality "1"]

1. e4 c5 2. Nf3 d6 3. d4 cxd4 4. Nxd4 Nf6 5. Nc3 g6 6. Be2 Bg7 7. 0-0 0-0 8. Be3 Nc6 9. Qd2 Bd7 10. Rad1 Qa5 11. a3 Rac8 12. f3 Rfe8 13. Nb3 Qd8 14. Bh6 Ne5 15. Bxg7 Qb6+ 16. Qd4 Qxd4+ 17. Nxd4 Kxg7 18. Rd2 Nc4 19. Bxc4 Rxc4 20. Nd5 Nxd5 21. exd5 a6 22. c3 Kf8 23. Kf2 Rc5 24. Ne2 Bb5 25. Re1 Bxe2 26. Rexe2 b5 27. Rd4 Kg7 28. Ke3 e5 29. dxe6 Rxe6+ 30. Re4 Rxe4+ 31. fxe4 Kf6 32. Kd4 Ke6 33. b3 h5 34. c4 bxc4 35. bxc4 Ra5 36. Re3 g5 37. Rc3 f6 38. h3 h4 39. g3 hxg3 40. Rxg3 Ra4 41. Rc3 Ra5 42. Rf3 Ra4 43. Rc3 1/2-1/2

[Event "Hessen-ch U18"]
[Site "Oberbernhards"]
[Date "2004.??.??"]
[Round "2"]
[White "Geske, Julian"]
[Black "Will, Jens Robert"]
[Result "1-0"]
[WhiteElo "1935"]
[BlackElo "1710"]
[PlyCount "103"]
[EventDate "2004.04.??"]
[EventType "swiss"]
[EventRounds "7"]
[EventCountry "GER"]
[SourceTitle "EXT 2005"]
[Source "ChessBase"]
[SourceDate "2004.11.15"]
[SourceVersion "1"]
[SourceVersionDate "2004.11.15"]
[SourceQuality "1"]

1. e4 d6 2. d4 g6 3. Nc3 Nf6 4. Be3 Bg7 5. Qd2 0-0 6. 0-0-0 c6 7. h4 Qa5 8. Kb1 Nbd7 9. f3 Nh5 10. Bd3 c5 11. Nge2 cxd4 12. Bxd4 Ne5 13. Nd5 Qd8 14. Rdf1 Nxd3 15. Qxd3 f5 16. Bxg7 Nxg7 17. h5 fxe4 18. fxe4 Rxf1+ 19. Rxf1 Nxh5 20. Qf3 Be6 21. g4 Nf6 22. Nxf6+ exf6 23. Nd4 Bd7 24. g5 fxg5 25. Qf7+ Kh8 26. Rh1 h5 27. Qxg6 Bg4 28. Nf5 Qf8 29. Nh6 Qg7 30. Nf7+ Kg8 31. Nh6+ Kh8 32. Qxd6 Be2 33. Rh2 Bf3 34. Nf5 Qf8 35. Qd4+ Kh7 36. Qd7+ Kh8 37. Rd2 Re8 38. a3 Bxe4 39. Qd4+ Kg8 40. Nd6 Rd8 41. Qc4+ Kg7 42. Nxe4 Rxd2 43. Nxd2 Qf4 44. Qxf4 gxf4 45. Nf3 Kf6 46. Kc1 Kf5 47. Kd2 Kg4 48. Ke2 h4 49. c4 h3 50. b4 Kf5 51. Kd3 Kg4 52. Ke4 1-0